Pisma Boleslawa Prusa / (Record no. 82050)

MARC details
000 -LEADER
campo de control de longitud fija 00685nam a2200193 i 4500
001 - NÚMERO DE CONTROL
campo de control 82050
003 - IDENTIFICADOR DE NÚMERO DE CONTROL
campo de control ES-MaACL
007 - CAMPO FIJO DE DESCRIPCIÓN FÍSICA--INFORMACIÓN GENERAL
campo de control de longitud fija t|
008 - DATOS DE LONGITUD FIJA--INFORMACIÓN GENERAL
campo de control de longitud fija 041119s1904 pl ||||1| pol d
080 ## - NÚMERO DE LA CLASIFICACIÓN DECIMAL UNIVERSAL
Número de la Clasificación Decimal Universal 821.162.1-31"19"
100 1# - ENTRADA PRINCIPAL--NOMBRE DE PERSONA
Nombre de persona Glowacki, Alexandre.
9 (RLIN) 57454
245 10 - MENCIÓN DEL TÍTULO
Título Pisma Boleslawa Prusa /
Mención de responsabilidad, etc. Aleksandra Glowackiego ; naklad Adama Hr. Krasinskiego i Antoniego Osuchowskiego.
260 ## - PUBLICACIÓN, DISTRIBUCIÓN, ETC.
Lugar de publicación, distribución, etc. Warszawa :
Nombre del editor, distribuidor, etc. Sklad Glowny W. Ksiegarni Gebethnera i Wolffa,
Fecha de publicación, distribución, etc. 1904.
300 ## - DESCRIPCIÓN FÍSICA
Extensión 2 v. :
Otras características físicas retr. del autor ;
Dimensiones 20 cm.
500 ## - NOTA GENERAL
Nota general Precede al tit.: Wydanie Jubileuszowe.
700 1# - ENTRADA AGREGADA--NOMBRE PERSONAL
Nombre de persona Krasinskiego, Adama HR.
9 (RLIN) 68740
700 1# - ENTRADA AGREGADA--NOMBRE PERSONAL
Nombre de persona Osuchowskiego, Antoniego.
9 (RLIN) 87835
852 ## - LOCALIZACIÓN
Ubicación ES-MaACL
Número de control de estantería G-1105-6
Holdings
Estatus retirado Estado de pérdida Estado de daño No para préstamo Biblioteca de origen Biblioteca actual Ubicación en estantería Fecha de adquisición Fuente de adquisición Total de préstamos Signatura topográfica completa Código de barras Visto por última vez Precio de reemplazo Tipo de ítem Koha
        Biblioteca del Ateneo de Madrid Biblioteca del Ateneo de Madrid Depósito 2 17/01/2008     G-1105-6 1085758 23/02/2023 23/02/2023 Libro impreso